Prince Comprehensive Principles of General Anatomy / (Record no. 25904)

MARC details
000 -LEADER
fixed length control field 00443nam a22001577a 4500
005 - DATE AND TIME OF LATEST TRANSACTION
control field 20240329085718.0
008 - FIXED-LENGTH DATA ELEMENTS--GENERAL INFORMATION
fixed length control field 230711b |||||||| |||| 00| 0 eng d
082 ## - DEWEY DECIMAL CLASSIFICATION NUMBER
Classification number 612
Item number GHU-C
100 ## - MAIN ENTRY--AUTHOR
Author Name Guhlam Ahmad
245 ## - TITLE STATEMENT
Title Prince Comprehensive Principles of General Anatomy /
Statement of responsibility, etc. Guhlam Ahmad
260 ## - PUBLICATION, DISTRIBUTION, ETC.
Place of Publication Pkaistan :
Name of publisher, distributor, etc. Prince boook depot ;
300 ## - PHYSICAL DESCRIPTION
Pages 210 p.
650 ## - SUBJECT ADDED ENTRY--TOPICAL TERM
Subject / Department Medical / Anatomy
700 ## - ADDED ENTRY--PERSONAL NAME
Personal name Dr Guhlam Ahmad
300 ## - PHYSICAL DESCRIPTION
-- 24 cm.
952 ## - LOCATION AND ITEM INFORMATION (KOHA)
-- 0
-- 0
952 ## - LOCATION AND ITEM INFORMATION (KOHA)
-- 0
-- 0
952 ## - LOCATION AND ITEM INFORMATION (KOHA)
-- 0
-- 0
952 ## - LOCATION AND ITEM INFORMATION (KOHA)
-- 0
-- 0
952 ## - LOCATION AND ITEM INFORMATION (KOHA)
-- 0
-- 0
Holdings
Lost status Damaged status Collection code Permanent Location Current Location Shelving Location Date acquired Full Call Number Accession No./Barcode Date last seen Copy number item type Koha item type
    Medical Superior Information Resource Center (SIRC) Superior University- Central Library Superior Information Resource Center (SIRC) Superior University- Central Library Anatomy 07/11/2023 611 AHM-C 20024 02/28/2025 1 BOOK BOOK
    Medical Superior Information Resource Center (SIRC) Superior University- Central Library Superior Information Resource Center (SIRC) Superior University- Central Library Anatomy 07/11/2023 611 AHM-C 20025 07/11/2023 2 BOOK BOOK
    Medical Superior Information Resource Center (SIRC) Superior University- Central Library Superior Information Resource Center (SIRC) Superior University- Central Library Anatomy 03/29/2024 611 AHM-C 5340 03/29/2024 3 BOOK BOOK
    Medical Superior Information Resource Center (SIRC) Superior University- Central Library Superior Information Resource Center (SIRC) Superior University- Central Library Anatomy 03/29/2024 611 AHM-C 5341 03/29/2024 4 BOOK BOOK
    Medical Superior Information Resource Center (SIRC) Superior University- Central Library Superior Information Resource Center (SIRC) Superior University- Central Library Anatomy 03/29/2024 611 AHM-C 13569 03/29/2024 5 BOOK BOOK

Powered by Koha